Vacancy rates show gradual improvement (Record no. 83600)
[ view plain ]
| 000 -LEADER | |
|---|---|
| fixed length control field | 00987cab a22001935a 4500 |
| 001 - CONTROL NUMBER | |
| control field | L154401 |
| 008 - FIXED-LENGTH DATA ELEMENTS--GENERAL INFORMATION | |
| fixed length control field | 111125e20111118xxk 000 0 eng d |
| 035 ## - SYSTEM CONTROL NUMBER | |
| System control number | (Sirsi) u154401 |
| 041 0# - LANGUAGE CODE | |
| Language code of text/sound track or separate title | eng |
| 100 1# - MAIN ENTRY--PERSONAL NAME | |
| Personal name | Hopkinson, Matthew |
| 245 00 - TITLE STATEMENT | |
| Title | Vacancy rates show gradual improvement |
| 260 ## - PUBLICATION, DISTRIBUTION, ETC. | |
| Date of publication, distribution, etc. | 2011 |
| 490 #0 - SERIES STATEMENT | |
| Series statement | Property Week |
| Volume/sequential designation | 77(46) 18 November 2011, 36(1) |
| 520 ## - SUMMARY, ETC. | |
| Summary, etc. | The Local Data Company's analysis of 79 570 shop premises in 329 UK retail centres showed at 12.4% an improvement in Q3 2011 over the current national shop vacancy rate of 14.3%, helping to reduce the national vacancy rate by 0.2% since the beginning of 2011. The market trend is towards more vacancies in secondary centres and on the fringes of the larger centres. Tables cover the five worst and best centres, worst and best 12-month change, and the most and least churn. |
| 590 ## - LOCAL NOTE (RLIN) | |
| Local note | KA |
| 651 #4 - SUBJECT ADDED ENTRY--GEOGRAPHIC NAME | |
| Geographic name | United Kingdom |
| Chronological subdivision | |
| 690 ## - LOCAL SUBJECT ADDED ENTRY--TOPICAL TERM (OCLC, RLIN) | |
| Topical term or geographic name as entry element | PROPERTY-COMMERCIAL PROPERTY-COMMERCIAL PROPERTY MARKET |
| 942 ## - ADDED ENTRY ELEMENTS (KOHA) | |
| Suppress in OPAC | 0 |
| Withdrawn status | Lost status | Source of classification or shelving scheme | Damaged status | Not for loan | Home library | Current library | Shelving location | Date acquired | Total Checkouts | Full call number | Barcode | Date last seen | Copy number | Price effective from | Koha item type |
|---|---|---|---|---|---|---|---|---|---|---|---|---|---|---|---|
| Dewey Decimal Classification | London | London | Journal article | 25/11/2011 | L154401 | 154401-1001 | 06/08/2019 | 1 | 06/08/2019 | Journal article |